| 000 | 00000nas 2200000zi 4500 |
| 001 | 9.502830 |
| 003 | CaOODSP |
| 005 | 20240220171041 |
| 006 | m o d f |
| 007 | cr cn||||||||| |
| 008 | 150406d20032004oncar p o f0 b0fre|d |
| 022 | |a2370-5671 |
| 040 | |aCaOODSP|bfre|erda|cCaOODSP |
| 043 | |an-cn--- |
| 086 | 1 |aPF1-2F-PDF|zPF1-2/2003F-PDF |
| 222 | 0|aRapport annuel sur la publicité du gouvernement du Canada |
| 245 | 00|aRapport annuel sur la publicité du gouvernement du Canada. |
| 264 | 1|aOttawa (Ontario) : |bGouvernement du Canada = Government of Canada, |c2003-2005. |
| 310 | |aAnnuel |
| 362 | 1 |aParaît depuis : 2002/2003; ne paraît plus après : 2003/2004. |
| 500 | |aPublié aussi en anglais sous le titre : Annual report on the Government of Canada's advertising. |
| 500 | |aChaque livraison comporte un titre distinct. |
| 550 | |aPublié par : Communication Canada, 2003; Travaux publics et Services gouvernementaux Canada, 2005. |
| 588 | |aDescription d'après : 2002/2003. |
| 588 | |aDernière livraison consultée : 2003/2004. |
| 650 | 6|aPublicité d'État|zCanada|vPériodiques. |
| 655 | 7|aPériodiques|2rvmgf |
| 710 | 2 |aCommunication Canada, |eorganisme de publication. |
| 710 | 1 |aCanada. |bTravaux publics et services gouvernementaux Canada, |eorganisme de publication. |
| 775 | 08|tAnnual report on the Government of Canada's advertising.|w(CaOODSP)9.505948 |
| 785 | 00|tRapport annuel sur les activités de publicité du gouvernement du Canada.|w(CaOODSP)9.502350 |